| 000 | 01313cab a2200193 4500 | ||
|---|---|---|---|
| 001 | L130803 | ||
| 008 | 050831n2005 000 0 eng u | ||
| 035 | _a(Sirsi) u130803 | ||
| 041 | 0 | _aeng | |
| 100 | _aStephens, Mark | ||
| 245 | 4 | _aThe big picture | |
| 260 | _c2005 | ||
| 490 |
_aRoof _v30(5) September/October 2005, 42-44(3) |
||
| 520 | _aReflects on housing policy in England over the last 30 years. Observes that bricks and mortar subsidies have almost disappeared with housing benefit becoming the dominant financial subsidy, that British social rented housing is distributed as if it were a means-tested benefit and that shared-equity proposals are reactive and tackle the symptom of the problem not the cause. Comments on developments in the social and private sectors and concludes with some lessons for the future. Refers to the "Evaluation of English housing policy" study conducted by a consortium of universities between January 2003 and November 2004. Chart and figure. | ||
| 590 | _aIKA130905 | ||
| 690 | _aPROPERTY-RESIDENTIAL PROPERTY-DOMESTIC RESIDENTIAL PROPERTY-HOUSING | ||
| 856 |
_uhttps://www.odpm.gov.uk/stellent/groups/odpm_housing/documents/divisionhomepage/035353.hcsp _zView the "Evaluation of English housing policy" reports free of charge at www.odpm.gov.uk... |
||
| 942 | _n0 | ||
| 999 |
_c75799 _d75799 |
||